00452nam a2200121Ia 4500008004100000024005500041082001900096100008500115245004500200260002500245600002700270650003300297250506s9999 xx 000 0 und d a11B-97-EL, 12B-101-EL, 12B-118-EL & 12B-171-EL a621.815072 SYE aSyed Qazi M. Hamza, Muhammad hasan Khan, S. M. Ebad Bin Hafeez & Syed Fawwad Ali 0aScheduled Based Drug Dispatching machine aKarachi:bUIT,c2012 aElectrical Engineering aBachelor of Engineering (BE)